000 00853nam a2200265Ia 4500
003 OSt
005 20220927115104.0
006 a|||||r|||| 00| 0
007 ta
008 220926b |||||||| |||| 00| 0 eng d
024 _a100833
037 _cThesis and Dissertations
040 _aRTL
_cRTL
_beng
041 _2eng
_aeng
082 _a"X9(J3):51.2.P, P3"
100 _aChatterjee Sushmita
_9374142
110 _aUniversity of Delhi. Deptt of Economics
245 0 _aMarketed surplus of rice and wheatL An empirical a
260 _aDelhi
_bUniversity of Delhi India
_c2003
300 _a"67p. Bib p, 64-67"
_ccm.
650 _aFood Industry
700 _aUniversity of Delhi. Deptt of Economics
942 _h"X9(J3):51.2.P, P3"
_cCC
999 _c705994
_d705994